000 06818cam a22019574i 4500
003 PE-LiUPU
005 20250813165949.0
008 150706s2010 mx a rb 000 0 spa d
020 _a9786071703873
035 _a(Sirsi) i9786071703873
040 _aPE-LiUPU
_bspa
_cPE-LiUPU
_erda
049 _aPRUA
082 0 4 _a610.730692
_bM79
_221
082 0 4 _a610.730692
_bM86 2010
082 0 4 _a610.730692
_bM86 2012
100 1 _aMorán Aguilar, Victoria,
_eautor.
245 1 0 _aProceso de enfermería :
_buso de los lenguajes NANDA, NIC y NOC. Modelos referenciales /
_cVictoria Morán Aguilar, Alba Lily Mendoza Robles.
250 _aTercera edición.
264 1 _aMéxico :
_bTrillas,
_c2010.
300 _a324 páginas :
_bilustraciones ;
_c25 centímetros
336 _atext
_2rdacontent
337 _aunmediated
_2rdamedia
338 _avolume
_2rdacarrier
504 _aBibliografía : página 313-314.
505 0 _aContingencia histórica de la enfermería -- Consideraciones preliminares -- Historia de la enfermería -- La ciencia de enfermería -- Modelos de enfermería -- Concepto de modelo -- Desarrollo de los modelos de enfermería -- Modelos de enfermería sobre interacción terapéutica -- Antecedentes -- Marco de referencia -- El método de enfermería con el marco de referencia del modelo sobre interacción terapéutica -- Concepto de método -- Etapas del método -- Fundamentos teóricos del proceso de enfermería -- Valoración inicial -- Valoración focal -- Diagnóstico de enfermería -- Planificación -- Intervención -- Evaluación -- Metodología -- Valoración -- Diagnóstico de enfermería -- Planificación -- Ejecución -- Evaluación y documentación -- El modelo de enfermería sobre interacción terapéutica como marco de referencia para la educación, la práctica y la investigación -- Educación -- Práctica -- Investigación -- Modelos de enfermería basados en teorías de desarrollo, sistemas y conceptos de interacción -- Evolución del desarrollo de la teoría de enfermería -- Modelos de enfermería basados en teorías de desarrollo -- Modelos de enfermería basados en la teoría de sistemas -- Modelos de enfermería basados en la interacción simbólica -- Modelos de enfermería basados en teorías sobre necesidades -- Modelos basados en otras teorías.
526 _aP203
526 _aP200
526 _aSEG65
526 _aSEG64
526 _aSEG63
526 _aSEG62
526 _aSEG61
526 _aSEG60
526 _aSEG59
526 _aSEG58
526 _aSEG57
526 _aSEG56
526 _aSEG55
526 _aSEG54
526 _aSEG53
526 _aSEG52
526 _aSEG51
526 _aSEG50
526 _aSEG49
526 _aSEG48
526 _aSEG47
526 _aSEG46
526 _aSEG24
526 _aSEG23
526 _aSEG22
526 _aSEG21
526 _aSEG20
526 _aSEG19
526 _aSEG18
526 _aSEG17
526 _aSEG16
526 _aSEG14
526 _aSEG13
526 _aSEG12
526 _aSEG11
526 _aSEG10
526 _aSEG09
526 _aSEG06
526 _aSEG05
526 _aSEG04
526 _aSEG03
526 _aSEG02
526 _aSEG68
526 _aSEG66
526 _aSEG45
526 _aSEG25
526 _aSEG01
526 _aP163
526 _aP162
526 _aP161
526 _aP160
526 _aP159
526 _aP158
526 _aP157
526 _aP156
526 _aP155
526 _aP154
526 _aP153
526 _aP152
526 _aP151
526 _aP150
526 _aP149
526 _aP142
526 _aP141
526 _aP140
526 _aP139
526 _aP138
526 _aP137
526 _aP132
526 _aP131
526 _aP130
526 _aP126
526 _aP125
526 _aP124
526 _aP123
526 _aP115
526 _aP122
526 _aP121
526 _aP116
526 _a P114
526 _aP112
526 _aP111
526 _aP104
526 _aP103
526 _aP102
526 _aP101
526 _aP100
526 _aP96
526 _aP95
526 _aP93
526 _aP92
526 _aP91
526 _aP88
526 _aP83
526 _aP82
526 _aP79
526 _aP78
526 _aP75
526 _aP74
526 _aP71
526 _aP69
526 _a P51
526 _aP49
526 _aP48
526 _aP47
526 _aP33
526 _aP31
526 _a P30
526 _aP29
526 _aP27
526 _aP26
526 _aP25
526 _aP24
526 _a P22
526 _aP10
526 _aP09
526 _a P08
526 _aP06
526 _aP05
526 _aP04
526 _aP01
541 _g015-0016119;
541 _g015-0016119;
650 0 4 _aEnfermería como profesión.
650 0 4 _aEnfermería
_xEstudio y enseñanza.
700 1 _aMendoza Robles, Alba Lily,
_eautor.
910 _agl
_cjck
_d20131112
910 _btqv
_cwelc
_d20170127
942 _2ddc
_cBOOK
949 _a610.730692 M79
_wDEWEY
_c1
_i69001
_lCCODEBUL1
_mBUL
_p27.00
_r0
_sY
_tBOOK
_u2015-7-6
_xSALUD
_PP22
_o.STAFF. Colección General
949 _a610.730692 M79
_wDEWEY
_c2
_i69002
_lCCODEBUL1
_mBUL
_p27.00
_r0
_sY
_tBOOK
_u2015-7-6
_xSALUD
_PP22
_o.STAFF. Colección General
949 _a610.730692 M86 2010
_wDEWEY
_c1
_iFJ06169
_lCCODEBUJ1
_mBUJ
_p25.10
_r0
_sY
_tBOOK
_u2017-01-27
_xSALUD
_PP22
_0COMPRA
_o.STAFF. Colección General Juliaca
949 _a610.730692 M86 2012
_wDEWEY
_c1
_iFJ06170
_lCCODEBUJ1
_mBUJ
_p25.10
_r0
_sY
_tBOOK
_u2017-01-27
_xSALUD
_PP22
_0COMPRA
_o.STAFF. Colección General Juliaca
994 _aC0
_bPEPRU
596 _a1 3
999 _a610.730692 M79
_wDEWEY
_c56140
_i69001
_d56140
_e2018-6-11
_f2021-11-3
_g5
_lCCODEBUL1
_mBUL
_n4
_p27.00
_r0
_sY
_tBOOK
_u2015-7-6
_xSALUD
_PP22
_0COMPRA
_o.STAFF. Colección Ciencias de la Salud
999 _a610.730692 M79
_wDEWEY
_c2
_i69002
_d2018-5-10
_e2018-4-29
_f2021-11-3
_g5
_lCCODEBUL1
_mBUL
_n2
_p27.00
_r0
_sY
_tBOOK
_u2015-7-6
_xSALUD
_PP22
_0COMPRA
_o.STAFF. Colección Ciencias de la Salud
999 _a610.730692 M86 2010
_wDEWEY
_c1
_iFJ06169
_d2019-3-11
_e2019-3-4
_f2022-1-25
_g4
_lCCODEBUJ1
_mBUJ
_n1
_p25.10
_q3
_r0
_sY
_tBOOK
_u2015-9-15
_xSALUD
_PP22
_0COMPRA
_o.STAFF. Colección General Juliaca
999 _a610.730692 M86 2012
_wDEWEY
_c1
_iFJ06170
_d2019-3-7
_e2019-3-4
_f2022-1-25
_g4
_lCCODEBUJ1
_mBUJ
_n2
_p25.10
_q3
_r0
_sY
_tBOOK
_u2017-1-27
_xSALUD
_PP22
_0COMPRA
_o.STAFF. Colección General Juliaca
980 _81
_gALBERTO SANCHEZ Responsable de Automatización